Βυζαντινές εικόνες
Αποθηκεύτηκε σε:
| Κύριος συγγραφέας: | |
|---|---|
| Μορφή: | Βιβλίο |
| Γλώσσα: | Greek |
| Δημοσίευση: |
Αθήνα :
Εκδοτική Αθηνών,
c1995.
|
| Σειρά: | Ελληνική τέχνη (Εκδοτική Αθηνών)
|
| Θέματα: | |
| Ετικέτες: |
Προσθήκη ετικέτας
Δεν υπάρχουν, Καταχωρήστε ετικέτα πρώτοι!
|
MARC
| LEADER | 00000cam a2200000 i 4500 | ||
|---|---|---|---|
| 001 | 1/69089 | ||
| 008 | 020913s1995 gr | ||| |||| ||gre|| | ||
| 020 | |a 9602132981 | ||
| 035 | |l 10002184 | ||
| 040 | |a GR-MY-UA |b gre |e aacr | ||
| 041 | 0 | |a gre | |
| 082 | 7 | |a 704.9482 |2 (21) | |
| 100 | 1 | |a Βοκοτόπουλος, Παναγιώτης Λ., |d 1930- | |
| 245 | 1 | 0 | |a Βυζαντινές εικόνες / |c Παναγιώτης Λ. Βοκοτόπουλος. |
| 260 | |a Αθήνα : |b Εκδοτική Αθηνών, |c c1995. | ||
| 300 | |a 237 σ. : |b έγχρ. εικ. ; |c 29 εκ. | ||
| 490 | 1 | |a (Ελληνική τέχνη / Εκδοτική Αθηνών) | |
| 504 | |a Περιέχει βιβλιογραφία και ευρετήριο. | ||
| 650 | 0 | 0 | |a Icons, Byzantine. |
| 650 | 0 | 0 | |a Christian art and symbolism. |
| 830 | 0 | |a Ελληνική τέχνη (Εκδοτική Αθηνών) | |
| 852 | |a INST |b SYROS |e 20020913 |h 704.9482 ΒΟΚ |p 005500000272 |q 005500000272 |t BK |y 0 | ||
| 901 | |a BIBL5-2002-3 | ||
| 909 | |a Ε |b 102074 | ||
| 922 | |a 5ΕΛΗ |b 200204 |c ΒΙΒΛΙΟΘΗΚΗ ΣΥΡΟΥ |d ΠΑΠΑΣΩΤΗΡΙΟΥ | ||
| 950 | |a 188-2002-04-04 | ||
| 970 | |a ΚΟΝΤΟΥ |b ΠΑΡΑΣΚΕΥΗ |z 2002/09/13 | ||